000 00834nam a2200193 a 4500
003 0
005 20250623113751.0
008 021119s19uu xx 00 eng d
050 _aPHS HQ 799
_b.Ar73 1999
100 _aAraneta, Pinky N.
245 _aPerceptions of the reasons why senior students from Southville International School, Fisher Valley College and Holy Spirit School rebel against their parents /
_cPinky N. Araneta.
260 _aLas PiƱas City, Philippines :
_bSouthville International School and Colleges,
_c1999.
300 _a32 pages :
_billustrations ;
_c28 cm.
504 _aIncludes bibliographical references.
650 _aInterpersonal relations
_zPhilippines
_xFamily relationships.
650 _aFamily conflict
_zPhilippines.
650 _aParent and teenager
_zPhilippines
_xAttitudes.
942 _2lcc
_cPASS
999 _c96275
_d96275